000 004170000a22001810004500
005 20120302060218.0
942 _cBOOK
100 _a Ravindrashastri
245 _a Upchaarpadhati Aour Pathya
260 _aPatna:Ramnarayan Sharma,1946.
300 _a87p.
040 _aHIN
365 _b00.75/-
650 _aUpchaar Padhati-Pathya
650 _aDurghatana
650 _aRogi Kaa Aahaar
650 _aMaleria
999 _c350550
_d350547